|
|
|
|
| LEADER |
01700nam a2200397 i 4500 |
| 001 |
EBC6675249 |
| 003 |
MiAaPQ |
| 005 |
20220329215602.0 |
| 006 |
m o d | |
| 007 |
cr cnu|||||||| |
| 008 |
220329s2021 caua o 000 0 eng d |
| 020 |
|
|
|z 9789391370633
|q (print)
|
| 020 |
|
|
|a 9789391370695
|q (electronic bk.)
|
| 035 |
|
|
|a (MiAaPQ)EBC6675249
|
| 035 |
|
|
|a (Au-PeEL)EBL6675249
|
| 035 |
|
|
|a (OCoLC)1260346138
|
| 040 |
|
|
|a MiAaPQ
|b eng
|e rda
|e pn
|c MiAaPQ
|d MiAaPQ
|
| 050 |
|
4 |
|a HF5549.5.M5
|b .J463 2021
|
| 082 |
0 |
|
|a 658.3008
|2 23
|
| 100 |
1 |
|
|a Jena, Swati,
|e author.
|
| 245 |
1 |
0 |
|a Diversity beyond tokenism :
|b why being politically correct doesn't help anyone /
|c Swati Jena and T. N. Hari.
|
| 264 |
|
1 |
|a Thousand Oaks, California :
|b SAGE Publications,
|c [2021]
|
| 264 |
|
4 |
|c 2021
|
| 300 |
|
|
|a 1 online resource (309 pages) :
|b illustrations
|
| 336 |
|
|
|a text
|b txt
|2 rdacontent
|
| 337 |
|
|
|a computer
|b c
|2 rdamedia
|
| 338 |
|
|
|a online resource
|b cr
|2 rdacarrier
|
| 588 |
|
|
|a Description based on print version record.
|
| 590 |
|
|
|a Electronic reproduction. Ann Arbor, MI : ProQuest, 2018. Available via World Wide Web. Access may be limited to ProQuest affiliated libraries.
|
| 650 |
|
0 |
|a Diversity in the workplace.
|
| 650 |
|
0 |
|a Cultural pluralism.
|
| 655 |
|
4 |
|a Electronic books.
|
| 700 |
1 |
|
|a Hari, T. N.,
|e author.
|
| 776 |
0 |
8 |
|i Print version:
|a Jena, Swati.
|t Diversity beyond tokenism : why being politically correct doesn't help anyone.
|d Thousand Oaks, California : SAGE Publications, c2021
|h 309 pages
|z 9789391370633
|w (DLC) 2021941447
|
| 797 |
2 |
|
|a ProQuest (Firm)
|
| 856 |
4 |
0 |
|u https://ebookcentral.proquest.com/lib/matrademy/detail.action?docID=6675249
|z Click to View
|